Statistics essential for police efficiency.

Bibliographic Details
Main Author: Griffin, John Ignatius, 1916-
Format: Book
Language:English
Published: Springfield, Ill. : Thomas, [1958]
Subjects:

MARC

Tag First Indicator Second Indicator Subfields
LEADER 00000cam a2200000 4500
001 in00000056917
005 20151008050924.0
008 720316s1958 ilu b 00000 eng u
010 |a  58006384  
035 |a (OCoLC)00264761 
035 |9 AAG4324AM 
040 |c WSU  |d TXA  |d UtOrBLW 
049 |a TXAM  |c [301270] 
050 0 |a HV8009  |b .G85 
092 |a 351.74  |b G851s 
100 1 |a Griffin, John Ignatius,  |d 1916- 
245 1 0 |a Statistics essential for police efficiency. 
264 1 |a Springfield, Ill. :  |b Thomas,  |c [1958] 
300 |a 229 pages 
336 |a text  |b txt  |2 rdacontent 
337 |a unmediated  |b n  |2 rdamedia 
338 |a volume  |b nc  |2 rdacarrier 
504 |a Bibliography: pages 198-202. 
650 0 |a Statistics. 
650 0 |a Police  |v Records and correspondence. 
999 |a MARS 
999 f f |s 8f9dba65-3c96-3166-b4ff-04a45c1fd2e1  |i ce52191f-9196-3bff-b6f9-5df47cd9926f  |t 0 
952 f f |p ric  |a Texas A&M University  |b Rellis Campus  |c Joint Library Facility  |s JLF  |d Remote Storage  |t 0  |e HV8009 .G85  |h Library of Congress classification  |i unmediated -- volume  |m A14800794842 
998 f f |a HV8009 .G85  |t 0  |l Remote Storage